Implementation of IAS/IFRS and Their Impact on Selected Financial Performance Indicators
Výskum uskutočnený v oblasti merania finančnej výkonnosti podnikov pri prechode od vnútroštátnych právnych predpisov v oblasti účtovníctva na medzinárodné účtovné štandardy. Porovnanie finančných ukazovateľov ôsmich finančných výkazov pred a po prijatí IAS/IFRS.
Gespeichert in:
| 1. Verfasser: | |
|---|---|
| Format: | Buchkapitel |
| Sprache: | Englisch |
| Schlagworte: | |
| Tags: |
Keine Tags, Fügen Sie das erste Tag hinzu!
|
MARC
| LEADER | 00000naa$a2200000$$$4500 | ||
|---|---|---|---|
| 001 | 0259245 | ||
| 005 | 20240502083737.7 | ||
| 041 | 0 | |a eng | |
| 044 | |a CZ | ||
| 245 | 1 | 0 | |a Implementation of IAS/IFRS and Their Impact on Selected Financial Performance Indicators |c Jozef Lukáč |
| 520 | |a Výskum uskutočnený v oblasti merania finančnej výkonnosti podnikov pri prechode od vnútroštátnych právnych predpisov v oblasti účtovníctva na medzinárodné účtovné štandardy. Porovnanie finančných ukazovateľov ôsmich finančných výkazov pred a po prijatí IAS/IFRS. | ||
| 610 | 2 | 0 | |a IFRS |
| 610 | 2 | 0 | |a štandardy účtovné medzinárodné |
| 610 | 2 | 0 | |a výkonnosť podniku |
| 610 | 2 | 0 | |a financie |
| 610 | 2 | 0 | |a ukazovatele finančné |
| 610 | 2 | 0 | |a harmonizácia |
| 610 | 2 | 0 | |a porovnanie štatistické medzinárodné |
| 100 | 1 | |a Lukáč, Jozef, 1991- | |